|
|
|
|
| LEADER |
00951nam a2200253 a 4500 |
| 001 |
2743249 |
| 008 |
090519s1977 at a b 000 0 eng d |
| 010 |
|
|
|a 78316467
|
| 020 |
|
|
|a 0889360723
|
| 020 |
|
|
|a 0708108296
|
| 040 |
|
|
|a DLC
|c DLC
|d DLC
|
| 082 |
0 |
0 |
|a 362.1/0951
|
| 100 |
1 |
|
|a Wilenski, Peter
|
| 245 |
1 |
4 |
|a The delivery of health services in the People's Republic of China /
|c by Peter Wilenski.
|
| 260 |
|
|
|a Canberra :
|b Australian National University Press,
|c 1977.
|
| 300 |
|
|
|a 59 p. :
|b ill. ;
|c 25 cm.
|
| 500 |
|
|
|a "IDRC-056e."
|
| 504 |
|
|
|a Includes bibliographical references.
|
| 541 |
1 |
|
|e 00000591
|
| 650 |
|
0 |
|a Medical care
|z China.
|
| 650 |
|
0 |
|a Medical policy
|z China.
|
| 852 |
4 |
|
|a Ayesha Abed Library
|j Generalshelf
|
| 999 |
|
|
|c 884
|d 884
|
| 952 |
|
|
|0 0
|1 4
|2 ddc
|4 0
|6 362_109510000000000_WIL
|7 0
|9 822
|a BRACUL
|b BRACUL
|c GEN
|d 2009-05-19
|g 0.00
|l 0
|o 362.10951 WIL
|p 3010000591
|r 2009-05-19
|t 1
|w 2009-05-19
|y BK
|x No price found in the accession register.
|